000 00680nam a2200229Ia 4500
003 OSt
005 20220926013141.0
006 a|||||r|||| 00| 0
007 ta
008 220923b |||||||| |||| 00| 0 eng d
037 _cGeneral Book
040 _aRTL
_cRTL
_beng
041 _2eng
_aeng
082 _aX:77.791.N1, L4
100 _aConde Roberto Cortes
_9317866
245 0 _aFirst stage of modernization in Spanish America tr
260 _aNew York
_bHarper and Row U. S. A.
_c1964
300 _aviii, 162p.
_ccm.
650 _aEconomic Development
_917300
942 _hX:77.791.N1, L4
_cGB
_2CC
999 _c625252
_d625252